| 000 | 00587cam a2200169 a 4500 | ||
|---|---|---|---|
| 005 | 20250901165606.0 | ||
| 008 | 020311s2003 caua b 000 0 eng | ||
| 010 | _a 2002103568 | ||
| 020 | _a0534588425 | ||
| 050 | 0 | 0 |
_aHM585 .S592 2003 _b.S592 2003 |
| 082 | 0 | 4 |
_a301 _221 |
| 245 | 0 | 0 |
_aSociological footprints : _bintroductory readings in sociology / _c[compiled by] Leonard Cargan, Jeanne H. Ballantine. |
| 250 | _a9th ed. | ||
| 260 |
_aBelmont, CA : _bWadsworth/Thomson Learning, _cc2003. |
||
| 300 |
_axx, 460 p. : _bill. ; _c24 cm. |
||
| 942 |
_2lcc _hHM585 .S592 2003 |
||
| 999 |
_c6363 _d6363 |
||